000 00606nam a22001937a 4500
999 _c262750
_d262749
003 OSt
005 20240206111005.0
008 240206b xxu||||| |||| 00| 0 eng d
010 _a 2008045846
020 _a 9780439775939 (pbk.)
020 _a 0439775930 (pbk.)
040 _cRU
050 _a PZ8.3.M5596
_b Fhp 2009
100 _a Metzger, Steve.
245 _a Five little penguins slipping on the ice / |.
_c by Steve Metzger ; illustrated by Laura Bryant
250 _a New York :
_b Scholastic, |c 2009.
300 _a 1 v. (unpaged) :
_b col. ill.;
_c 26 cm
942 _2lcc
_cBK